000 01516naa a22002537a 4500
008 241031e20241009xxk||||os||||o00| 0 eng d
041 _aeng
245 _aHazelwood Properties Limited v London Borough of Camden
260 _aLON/00AG/HIN/2024/0001,
_bFirst-Tier Tribunal Property Chamber,
_c9 October 2024
520 _aHeard by Deputy Regional Judge Nikki Carr, Regional Surveyor Helen Bowers MRICS and Mr Andrew Gee RIBA (a specialist fire safety member) re property known as Princes Park Apartments, 52 Prince of Wales Road, London Nw5 3LN. Between applicant Hazelwood Properties and respondent Camden council. Consisting of an appeal by the landlord against the improvement notice and an application by the tenants for a remediation order. The external wall systems include zinc cladding, PIR insulation and ply board as well as timber cladding. The balconies are largely timber. The concierge area contains substantial amounts of timber.
650 _aBALCONIES
650 _aCLADDING
650 _aHOUSING ACT 2004
650 _aBUILDING SAFETY ACT 2022
650 _aCOMBUSTIBLE MATERIALS
650 _aDEFECTIVE MATERIALS
650 _aFIRE SAFETY
650 _aIMPROVEMENT NOTICES
650 _aJUDGMENT
650 _aREMEDIATION
650 _aZINC CLADDING
651 _aUnited Kingdom
856 _uhttps://assets.publishing.service.gov.uk/media/67092b42366f494ab2e7b759/Princes_Park_Apartments__52_Prince_of_Wales_Road__London_NW5_3LN_LON-00AG-HIN-2024-0001.pdf
_zAvailable from FTT
999 _c122047
_d122047